Idiomatické výrazy vo výučbe odborného anglického jazyka
Základné prístupy k spracovaniu konceptu výučby idiomatických výrazov v obchodnej angličtine. Prezentácia výsledkov vstupných testov s akcentom na idiomy. Opis ďalších krokov výskumu.
Uložené v:
| Hlavný autor: | |
|---|---|
| Médium: | Kapitola |
| Jazyk: | Slovak |
| Predmet: | |
| Tagy: |
Žiadne tagy, Buďte prvý, kto otaguje tento záznam!
|
MARC
| LEADER | 00000nla$a2200000$$$4500 | ||
|---|---|---|---|
| 001 | 0243743 | ||
| 005 | 20240502073940.8 | ||
| 041 | 0 | |a slo | |
| 044 | |a SK | ||
| 245 | 1 | 0 | |a Idiomatické výrazy vo výučbe odborného anglického jazyka |c Jarmila Rusiňáková |
| 520 | |a Základné prístupy k spracovaniu konceptu výučby idiomatických výrazov v obchodnej angličtine. Prezentácia výsledkov vstupných testov s akcentom na idiomy. Opis ďalších krokov výskumu. | ||
| 610 | 2 | 0 | |a frazeológia |
| 610 | 2 | 0 | |a jazyk odborný |
| 610 | 2 | 0 | |a angličtina |
| 610 | 2 | 0 | |a komunikácia |
| 610 | 2 | 0 | |a vyučovanie |
| 100 | 1 | |a Rusiňáková, Jarmila, 1959- | |